Представление документа в формате RUSMARC

ПолеНазваниеЗначение
  Тип записи a
  Библиографический уровень m
001 Контрольный номер RU/SLIB/B/213468243
005 Дата корректировки 20201206204428.3
010 Индекс ISBN __
a ISBN 5-17-007514-6
d Цена 160-00
101 Язык документа 0_
a Язык текста rus
c Язык оригинала rus
200 Заглавие и сведения об ответственности 0_
a Заглавие Занимательная механика ; Знаете ли вы физику?
f Первые сведения об ответственности Я. И. Перельман
b Общее обозначение материала Текст
210 Выходные данные __
a Место издания М.
c Издательство АСТ
d Дата издания 2005
215 Физическое описание __
a Объем 462 с.
c Иллюстрации/тип воспроизводства ил.
327 Примечание о содержании __
a Примечание о содержании Знаете ли вы физику?
330 Аннотация __
a Аннотация Предлагаем вашему вниманию уникальное пособие по физике и механике. Цель этой книги - развить интеллект ребенка, восстановить в его памяти пройденный материал и максимально дополнить школьную программу, привить интерес к самостоятельным занатиям.
606 Тематические рубрики __
a Основная рубрика Механика
a Основная рубрика Общие вопросы механики
a Основная рубрика Общие вопросы физики
a Основная рубрика Физика
610 Ключевые слова __
a Ключевые слова сила; движение; тяжесть; круговые движения; удары; прочность; работа; мощность; энергия; трение; сопротивление; жидкости; газ; тепловые явления; тепло; звук (физика); свет; магниты; железо; преломление; занимательная механика; растворимость; теплоемкость; акустика; оптика; задачи; викторины; механическое сопротивление
686 Индексы других классификаций __
a Классификационный индекс ст22.2
686 Индексы других классификаций __
a Классификационный индекс ст22.3
700 Автор _1
a Фамилия Перельман
b Имя Я. И.
4 Код отношения 070
801 Источник записи _0
a Страна RU
b Организация Муниципальное бюджетное учреждение культуры "Централизованная библиотечная система" г. Сургут (Центральная городская библиотека им. А. С. Пушкина)
g Правила каталогизации КиК/Елгина
801 Источник записи _1
a Страна RU
b Организация Муниципальное бюджетное учреждение культуры "Централизованная библиотечная система" г. Сургут (Центральная городская библиотека им. А. С. Пушкина)
g Правила каталогизации КиК/Елгина
852 Данные о местонахождении __
j Шифр хранения ст22.2
c Каталожный индекс ст22.2; ст22.3
i Авторский знак П 27
901 Тип документа __
t Тип документа m
903 Характеристики (МАРС) __
a Дата передачи 20061011
990 Данные о заказе (DOS) __
j Количество экземпляров (DOS) 1
t N записи в КСУ для И/У (DOS) 200611